000 00443nam a2200169Ia 4500
005 20250508163309.0
008 008 250505s9999 xx 000 0 eng d
037 _aTextual
040 _aFEDL
_beng
_cFEDL
041 _aeng
_2eng
084 _a907, SCO
_qFEDL
245 0 _aMemorandum on the study of history in scottish schools
260 _c1907
300 _a18p.
942 _cTEXL
_h907, SCO
999 _c1382139
_d1382139